| 000 | 01092cam a2200241 4500 | ||
|---|---|---|---|
| 001 | WB@3612-50 | ||
| 008 | 040819n2004 000 0 eng u | ||
| 035 | _a(Sirsi) u127109 | ||
| 245 | _aSteady but slow | ||
| 260 | _c2004 | ||
| 490 |
_aRICS Economic Forecast _vAugust 2004 (4) |
||
| 520 | _aAccording to the latest "RICS economic forecast: construction output", the construction industry looks set to see another year of firm growth after annual output hit 9.1% in the first quarter of 2004. This growth is expected to continue into 2005 but a slowdown is expected in the latter part of the year as public spending growth slows. Wages for construction workers have increased as has the demand and increased competition for skilled workers. The full report can be viewed at: http://www.rics.org. | ||
| 590 | _aWB | ||
| 590 | _aWB | ||
| 650 | _aCONSTRUCTION FORECASTS | ||
| 650 | _aPUBLIC SECTOR | ||
| 650 | _aCONSTRUCTION OUTPUT | ||
| 650 | _aCONSTRUCTION INDUSTRY | ||
| 650 | _aSURVEY | ||
| 650 | _aHOUSING | ||
| 690 | _aBUILDING AND CONSTRUCTION-ECONOMICS | ||
| 942 | _n0 | ||
| 999 |
_c117868 _d117868 |
||